000 01513cam a22004334i 4500
003 PE-LiUPU
005 20250731173136.0
008 150623s r 000 0 d
035 _a(Sirsi) a27027
040 _aPE-LiUPU
_bspa
_cPE-LiUPU
_erda
082 0 4 _a241
_bS57
_221
100 1 _aSittler, Joseph,
_d1904-1987,
_eautor.
245 1 4 _aThe structure of christian ethics /
_cJoseph Sittler.
264 1 _aLouisville, Kentucky :
_bWestminster John Knox Press,
_c1998.
300 _a90 páginas ;
_c23 cm.
336 _atext
_2rdacontent
337 _aunmediated
_2rdamedia
338 _avolume
_2rdacarrier
490 0 _aLibrary of theological ethics
504 _aIncluye bibliografía.
505 0 _aThe confusion in contemporary ethical speech. The shape of the engendering deed. The content of the engendered response.
526 _aSEG42
526 _aSEG41
526 _aSEG40
526 _aSEG39
526 _aP94
526 _aP87
526 _aP86
526 _aP85
526 _aP77
526 _aP76
526 _aP35
650 0 4 _aEtica cristiana.
_91047
942 _2ddc
_cBOOK
949 _a241 S57
_wDEWEY
_c1
_i52304
_lCCODEBUL1
_mBUL
_p5.00
_r0
_sY
_tBOOK
_u2015-06-24
_xTEOLOGIA
_PP35
_0COMPRA
_o.STAFF. Colección General
596 _a1
999 _a241 S57
_wDEWEY
_c34123
_i52304
_f2021-11-10
_g6
_lCCODEBUL1
_mBUL
_p5.00
_r0
_sY
_tBOOK
_u2015-6-24
_xTEOLOGIA
_PP35
_0COMPRA
_o.STAFF. Colección General
_d34123
980 _81
_gALBERTO SANCHEZ Responsable de Automatización